Strategie měsíčník pro média, marketing a reklamu

Na minha lista:
Detalhes bibliográficos
Formato: Periódico
Idioma:tcheco
Publicado em: Praha Strategie 1994
Assuntos:
Tags: Adicionar Tag
Sem tags, seja o primeiro a adicionar uma tag!

MARC

LEADER 00000nas2a2200000 4500
001 s018128
005 20240109100017.6
022 |a 1210-3756 
041 0 |a cze 
044 |a CZ 
245 1 0 |a Strategie  |b měsíčník pro média, marketing a reklamu 
264 1 |a Praha  |b Strategie  |c 1994 
300 |a 2 zv. 
773 0 |w eu_un_cat*s120027 
610 2 0 |a stratégia marketingová 
610 2 0 |a reklama 
610 2 0 |a médiá